Catàleg de publicacions 1981 - 1999 / Diputació de Barcelona. Servei de Parcs Naturals
Descripción Física:
15 p. ; 21 cm
MARC
| LEADER | 00000nam a2200000Ia 4500 | ||
|---|---|---|---|
| 001 | 12341 | ||
| 008 | 160829s1999 xx 000 0 cat d | ||
| 080 | |a FU-13-59 | ||
| 110 | |a Barcelona (Catalunya : Província). |b Servei de Parcs Naturals |9 53492 | ||
| 245 | |a Catàleg de publicacions 1981 - 1999 / Diputació de Barcelona. Servei de Parcs Naturals | ||
| 260 | |a Barcelona : |b Diputació de Barcelona, |c 1999 | ||
| 300 | |a 15 p. ; |c 21 cm | ||
| 650 | |a Barcelona. Diputació. Servei de Parcs Naturals |x Catàlegs |9 23040 | ||
| 901 | |a Arxiu | ||
| 942 | |n 1 | ||
| 952 | |0 0 |1 0 |4 0 |6 FU1359 |7 1 |9 42498 |a Arxiu |b Arxiu |d 2016-12-01 |l 0 |o FU-13-59 |p 12341 |r 2016-12-01 00:00:00 |w 2016-12-01 |y ARXIU | ||
| 999 | |c 45003 |d 45003 | ||